Central Library OPAC University of Rajshahi

Iran / (Record no. 83899)

MARC details
000 -LEADER
fixed length control field 00570nam a2200217 a 4500
001 - CONTROL NUMBER
control field 83899
003 - CONTROL NUMBER IDENTIFIER
rucl marc code BD-RjUL
005 - DATE AND TIME OF LATEST TRANSACTION
control field 20240604152502.0
008 - FIXED-LENGTH DATA ELEMENTS--GENERAL INFORMATION
fixed length control field 240604s1963 ir ||||| |||| 00| 0 eng d
035 ## - SYSTEM CONTROL NUMBER
System control number (BD-RjUL)83899
040 ## - CATALOGING SOURCE
Original cataloging agency BD-RjUL
Language of cataloging eng
Transcribing agency BD-RjUL
041 ## - LANGUAGE CODE
Language code of text/sound track or separate title eng
082 ## - DEWEY DECIMAL CLASSIFICATION NUMBER
Edition number 23
Classification number 955
Author mark and year HAI 1963
100 ## - MAIN ENTRY--PERSONAL NAME
Personal name Hatami, Aziz
9 (RLIN) 13316
245 ## - TITLE STATEMENT
Title Iran /
Statement of responsibility, etc. Aziz Hatami
260 ## - PUBLICATION, DISTRIBUTION, ETC. (IMPRINT)
Place of publication, distribution, etc. [Tehran] :
Name of publisher, distributor, etc. General Dept. of Publications and Broadcasting,
Date of publication, distribution, etc. 1963
300 ## - PHYSICAL DESCRIPTION
Pagination 167 p.;
Size 16 cm.
650 ## - SUBJECT ADDED ENTRY--TOPICAL TERM
Topical term or geographic name as entry element Iran
Topical term or geographic name as entry element Iran Guidebooks
9 (RLIN) 13317
942 ## - ADDED ENTRY ELEMENTS (KOHA)
Source of classification or shelving scheme Dewey Decimal Classification
Koha item type Books
Holdings
Lost status Source of classification or shelving scheme Damaged status Not for loan Collection code Permanent Location Current Location Shelving location Date acquired Total Checkouts Full call number Date last seen Copy number Koha item type
  Dewey Decimal Classification   Not For Loan Non-fiction Central Library, University of Rajshahi Central Library, University of Rajshahi Reading Room 31/10/1990   955 HAI 1963 04/06/2024 C-1 Books